Cultivo y utilizacion de la col forrajera

Saved in:
Bibliografiske detaljer
Hovedforfatter: Teuber K., Nolberto (Author)
Format: Bog
Sprog:spansk
Udgivet: Osorno Instituto de Investigaciones Agropecuarias 1985
Serier:Boletín Técnico n§61
Fag:
Tags: Tilføj Tag
Ingen Tags, Vær først til at tagge denne postø!

MARC

LEADER 00000nam a2200000 a 4500
001 UCQ0125
003 CL-VaPUC
008 980619e19850000CL |||||||||||||||||spa|d
082 0 4 |a 633.2  |b TEU  |2 21 
100 0 |a Teuber K., Nolberto  |e author  |9 413148 
245 1 0 |a Cultivo y utilizacion de la col forrajera 
300 |a 40 p 
942 |c BK 
945 |d 19980619 00:00:00  |a mvenant 
260 |a Osorno  |b Instituto de Investigaciones Agropecuarias  |c 1985 
650 7 |a PLANTAS FORRAJERAS  |2 CL-VaPUC  |9 264229 
650 7 |a COL FORRAJERA  |2 CL-VaPUC  |9 413149 
650 0 |a Cultivo  |9 264268 
583 |a last modification  |c 19980619 00:00:00  |k Rodrigo Vera 
490 0 |a Boletín Técnico n§61 
999 |c 271277  |d 271275